000 00561nam a2200229 a 4500
001 nice12345678
003 IN_TiNIC
005 20260116014452.0
008 070413s2006 newa grp 000 0 eng
020 _a
_c195
082 0 0 _a294.5513
_bWIL
100 _aWilking, W J
245 _aHindu Mythology
_b Vedic and Puranic
260 _aNew Delhi
_bRupa and Company
_c2006
300 _a499p
500 _aincludes index and biblioraphy
650 _aMythology-Hindu
700 1 _aWilking, W J
902 _bSRS
942 _cBK
999 _c15481
_d15481